000 00273 a2200109 4500
020 _a9780860915461
041 _aeng
100 _aAnderson, Benedict
245 _aImagined communtities : reflections on the origin and spread of nationalism
942 _cBK
999 _c10926
_d10926
999 _d10926